000 01157nam a2200253Ia 4500
003 GCL
005 20240530102933.0
008 140319s9999 xx 000 0 ara d
040 _aGCL /
_cGCL
082 0 4 _a953.0962
_bق/م و
100 1 _aمحمود عباس حموده
245 1 0 _aالوثائق العثمانية فى مصر :
_bزواج - بيع - ايجار - استبدال - وقف /
_cمحمود عباس حموده
260 _aالقاهرة :
_bمكتبة نهضة الشرق ،
_c1999
300 _aمتعدد:
_bايض ؛
_c24 سم
650 0 4 _aالوثائق - تاريخ
650 0 4 _aالوثائق العثمانية
650 0 4 _aالوثائق العثمانية - مصر
650 0 4 _aالامبراطورية العثمانية - وثائق الايجار
650 0 4 _aالامبراطورية العثمانية - وثائق الزواج
650 0 4 _aالامبراطورية العثمانية - وثائق البيع
650 0 4 _aالامبراطورية العثمانية - وثائق الاستبدال
650 0 4 _aالامبراطورية العثمانية - وثائق الوقف
942 _2ddc
_cBK
999 _c35493
_d35493